| 000 | 00688nam a22002057a 4500 | ||
|---|---|---|---|
| 005 | 20150428112554.0 | ||
| 010 | _aENG-112308 | ||
| 020 |
_a9780415445542 _c345.00 |
||
| 035 | _aEN-95840 | ||
| 037 | _aDBAD/PUB | ||
| 082 | _a921 | ||
| 100 | _aFischer-Tine, Harald | ||
| 245 |
_aShyamji Krishnavarma : _cby Harald Fischer-Tine _bSanskrit,sociology and anti-imperialism / |
||
| 260 |
_aNew Delhi _bRoutledge _c2014 |
||
| 270 |
_a912,Tolstoy House, 15-17 Tolstoy Marg, Connaught Place _bNew Delhi _e110001 |
||
| 300 |
_axxxvi,228p. : _c22cm(pbk) _bill. |
||
| 490 | _aPathfinders | ||
| 500 | _aIncludes bibliographical references and index | ||
| 942 |
_2ddc _cEN _mSHY _h921 |
||
| 999 |
_c91987 _d91987 |
||